书目信息 |
| 题名: |
计算机与智力心理学
|
|
| 作者: | 林众 , 冯瑞琴 著 | |
| 分册: | ||
| 出版信息: | 杭州 浙江人民出版社 1996 |
|
| 页数: | 321页 | |
| 开本: | 20cm | |
| 丛书名: | 当代智力心理学丛书 | |
| 单 册: | ||
| 中图分类: | TP18 , B848 | |
| 科图分类: | ||
| 主题词: | 人工智能--应用心理学 , 个性心理学 , 人格心理学 | |
| 电子资源: | ||
| ISBN: | 7-213-01400-5 | |
| 000 | 00817nam2 2200289 450 | |
| 001 | 1535255882 | |
| 005 | 20151111114548.23 | |
| 010 | @a7-213-01400-5@dCNY16.00 | |
| 100 | @a20021005d1996 emky0chiy0110 ea | |
| 101 | 0 | @achi |
| 102 | @aCN@b330000 | |
| 105 | @ay z 000yy | |
| 200 | 1 | @a计算机与智力心理学@9ji suan ji yu zhi li xin li xue@f林众,冯瑞琴[著] |
| 210 | @a杭州@c浙江人民出版社@d1996 | |
| 215 | @a321页@d20cm | |
| 225 | 2 | @a当代智力心理学丛书 |
| 300 | @a“九五”国家重点图书出版规划项目 | |
| 461 | 0 | @12001 @a当代智力心理学丛书 |
| 606 | 0 | @a人工智能@x应用心理学 |
| 606 | 0 | @a个性心理学 |
| 606 | 0 | @a人格心理学 |
| 690 | @aTP18@v5 | |
| 690 | @aB848@v4 | |
| 701 | 0 | @a林众@9lin zhong@4著 |
| 701 | 0 | @a冯瑞琴@9feng rui qin@4著 |
| 801 | 0 | @aCN@bTSSF@c20150204 |
| 905 | @aZUCC@dB848@eJY466 | |
| 计算机与智力心理学/林众,冯瑞琴[著].-杭州:浙江人民出版社,1996 |
| 321页;20cm.-(当代智力心理学丛书) |
| “九五”国家重点图书出版规划项目 |
| ISBN 7-213-01400-5:CNY16.00 |
| ● |
| 相关链接 |
|
|
|
|
正题名:计算机与智力心理学
索取号:B848/JY466
 
预约/预借
| 序号 | 登录号 | 条形码 | 馆藏地/架位号 | 状态 | 备注 |
| 1 | 7846230 | 278462307 | 学院路分馆/ [索取号:B848/JY466] | 在馆 | |
| 2 | 7865517 | 278655171 | 学院路分馆/ [索取号:B848/JY466] | 在馆 |